Responses for Show #3959 - Thursday, November 15, 2001

2001 College Championship semifinal game 2.
From the campus at UCLA.

Contestants

[<< previous game]

Marques Redd, a sophomore at Harvard University from Macon, Georgia

Brittany Rogers, a sophomore at Saddleback College from Lake Forest, California

Thomas Zamora, a junior at the University of Southern California from Cypress, California

[next game >>]

Jeopardy! Round responses

THE HISTORY CHANNEL
(Alex: A category about the American Classics series.)
TURNING PRO
COLLEGE WORLD
MAMMALS
WHAT ARE YOU AFRAID OF?
TO "L" AND BACK
(Alex: And in that last category, each correct response will begin and end with the letter L.)
    $100 16
the drive-in movie theater

Marques
    $100 26
Muhammad Ali

Brittany
    $100 21
Romania

Thomas
    $100 1
pouch

Thomas
    $100 11
mice

Brittany
    $100 6
libel

Marques
    $200 17
a motorcycle

Marques
    $200 27
Ice Capades

Thomas
    $200 22
Italy

Thomas
    $200 2
a hare

Brittany
    $200 12
(Marques: What is the cold?)
...
(Alex: Yes, they're afraid of [*]. They don't want to melt!)

heat

BrittanyMarques
    $200 7
landfill

Marques
    $300 18
the TV dinner

Brittany
    $300 28
the U.S. Amateur Championship

Triple Stumper
    $300 23
(Brittany: What is Quebec?)

Montreal

ThomasBrittany
    $500 3
vertebrae

Brittany
    $300 13
books

Marques
    $300 8
lateral

Marques
    $400 19
Quaker (Oats)

Marques
    $400 29
Kevin Garnett

Triple Stumper
    $400 24
Brazil

Marques
    $400 4
(Brittany: What is a rodent?)

a monkey

ThomasBrittany
    $400 14
work

Brittany
    $400 9
Liverpool

Thomas
    $500 20
Liberty Enlightening the World

Triple Stumper
    $500 30
(Alex: He's from a country that produces a lot of baseball stars--[*].)

the Dominican Republic

Triple Stumper
    $500 25
(Thomas: What is Prague?)

Bratislava

Thomas
Triple Stumper
    $500 5
a palomino

Thomas
    $500 15
the sunrise

Marques
    $500 10
Lowell

Marques

Scores at the first commercial break (after clue 15):

Thomas Brittany Marques
$1,400 $1,000 $1,700

Scores at the end of the Jeopardy! Round:

Thomas Brittany Marques
$1,700 $1,100 $2,800

Double Jeopardy! Round responses

CIVIL WAR PEOPLE
SCIENCE CLASS
QUOTATIONS
CHESS NUTS
ISLANDS
COLLEGE RHYME TIME
    $200 21
Sherman

Thomas
    $200 1
(Marques: What is entropy?)

thermodynamics

BrittanyMarques
    $200 3
a jury

Marques
    $200 26
a knight

Marques
    $200 8
Ellis Island

Brittany
    $200 15
a drab lab

Brittany
    $400 22
an actress

Thomas
    $400 2
secant

Marques
    $400 4
Gandhi

Marques
    $400 9
Greenland

Thomas
    $400 16
a dollar scholar

Brittany
    $600 23
(Brittany: Who is Lincoln?)

(Mathew) Brady

ThomasBrittany
    $600 13
oscillation

Triple Stumper
    $600 5
Churchill

Thomas
    $600 29
(Marques: What is a... K?)
[The end-of-round signal sounds.]

Q (for queen)

ThomasMarques
    $600 10
(Marques: What are the Canaries?)

the Galápagos

BrittanyMarques
    $600 17
a school fool

Thomas
    $800 24
(Marques: Who is Margaret Mitchell?)
...
(Alex: A minute to go, now.)

Harriet Beecher Stowe

BrittanyMarques
    $800 14
combinations

Marques
    $2,300 6
Susan B. Anthony

Thomas
    $2,000 28
(Brittany: What is 8?)

16

Brittany
    $800 11
(Brittany: What is Vancouver?)

Newfoundland

Brittany
Triple Stumper
    $800 18
a worm term

Thomas
    $1000 25
(Marques: What is Gettysburg?)

Antietam

ThomasMarques
    $1000 20
frequency

Brittany
    $1000 7
(Marques: What is mediocrity?)

hobgoblin

Marques
Triple Stumper
    $1000 27
(Marques: Who is Fischer?)

Garry Kasparov

BrittanyMarques
    $1000 12
the Canary Islands

Thomas
    $1000 19
a major gauger

Triple Stumper

Scores at the end of the Double Jeopardy! Round:

Thomas Brittany Marques
$10,200 $2,100 -$400
(lock game)

[wagering suggestions for these scores]

Final Jeopardy! Round responses

YOUNG STARS
BrittanyWho is Julia Stiles
$2,099
ThomasWho is Julia Stiles
$0
Julia Stiles

Final scores:

Thomas Brittany Marques
$10,200 $4,199 -$400
Finalist 2nd place: $5,000 3rd place: $5,000

Game dynamics:

Coryat scores:

Thomas Brittany Marques
$8,700 $3,900 -$400
19 R
(including 1 DD),
1 W
15 R
(including 1 DD),
5 W
(including 1 DD)
15 R,
8 W

Combined Coryat: $12,200

[game clues] [game scores] [suggest correction]

Game tape date: 2001-10-07
The J! Archive is created by fans, for fans. Scraping, republication, monetization, and malicious use prohibited; this site may use cookies and collect identifying information. See terms. The Jeopardy! game show and all elements thereof, including but not limited to copyright and trademark thereto, are the property of Jeopardy Productions, Inc. and are protected under law. This website is not affiliated with, sponsored by, or operated by Jeopardy Productions, Inc. Join the discussion at JBoard.tv.